Online
Catalog

Energía y destino nacionales : (Record no. 7020)

MARC details
000 -CABECERA
campo de control de longitud fija 00599nam a2200181 a 4500
001 - NÚMERO DE CONTROL
campo de control 000007239
005 - FECHA Y HORA DE LA ÚLTIMA TRANSACCIÓN
campo de control 20200929154115.0
008 - DATOS DE LONGITUD FIJA--INFORMACIÓN GENERAL
campo de control de longitud fija 090907s2004 dr dj 000 0 spa d
040 ## - FUENTE DE LA CATALOGACIÓN
Centro catalogador/agencia de origen DO-SdBNP
Lengua de catalogación spa
Centro/agencia transcriptor BNPHU
082 ## - NÚMERO DE LA CLASIFICACIÓN DECIMAL DEWEY
Número de clasificación xxxx
Número de documento/Ítem S4682e
100 1# - ENTRADA PRINCIPAL--NOMBRE DE PERSONA
Nombre de persona Selman Hasbún, Abraham
9 (RLIN) 20085
245 10 - MENCIÓN DE TÍTULO
Título Energía y destino nacionales :
Resto del título la privatización como solución racional /
Mención de responsabilidad, etc. Abraham Selman Hasbún.
260 ## - PUBLICACIÓN, DISTRIBUCIÓN, ETC.
Lugar de publicación, distribución, etc. Santo Domingo :
Nombre del editor, distribuidor, etc. Tele-3,
Fecha de publicación, distribución, etc. [198-].
300 ## - DESCRIPCIÓN FÍSICA
Extensión 63 p. :
Otras características físicas gráf. , tablas. ;
Dimensiones 21cm.
490 1# - MENCIÓN DE SERIE
Mención de serie Luz ;
Designación de volumen o secuencia 3
500 ## - NOTA GENERAL
Nota general Incluye datos biográficos del autor
830 #0 - PUNTO DE ACCESO ADICIONAL DE SERIE-TÍTULO UNIFORME
Título uniforme Luz ;
Número de parte o sección de la obra 3
9 (RLIN) 20086
Holdings
Estado de retiro Estado de pérdida No para préstamo Código de colección Localización permanente Ubicación/localización actual Ubicación en estantería Fecha de adquisición Número de inventario Total de préstamos Signatura topográfica completa Código de barras Fecha visto por última vez Precio válido a partir de Tipo de ítem Koha Número de copia
    Excluido de préstamo Patrimonio Dominicano Patrimonio Dominicano Patrimonio Dominicano Depósito 07.09.2009 LF1   xxxx S4682e 7239-10 25.06.2020 25.06.2020 Libro y Folleto Colección Patrimonio Dominicano  
    Excluido de préstamo Patrimonio Dominicano Patrimonio Dominicano Patrimonio Dominicano Depósito 14.04.2015 LF1   xxxx S4682e 7239-20 25.06.2020 25.06.2020 Libro y Folleto Colección Patrimonio Dominicano e. 2

Powered by Koha